LEADER 00844nam0-22003131i-450- 001 990003254010403321 005 20001010 035 $a000325401 035 $aFED01000325401 035 $a(Aleph)000325401FED01 035 $a000325401 100 $a20000920d1948----km-y0itay50------ba 101 0 $aita 105 $ay-------001yy 200 1 $a<>INDUSTRIAL REVOLUTION 1760-1830 205 $a1 210 $aLondon$cOxford Univesity Press$d1948 215 $app.167 610 0 $aManuali di Geografia Economica 676 $a050.001 700 1$aAshton,$bThomas Southcliffe$f<1889-1968>$0119668 801 0$aIT$bUNINA$gRICA$2UNIMARC 901 $aBK 912 $a990003254010403321 952 $a050.001.ASH$b349$fDECGE 959 $aDECGE 996 $aIndustrial revolution 1760-1830$949034 997 $aUNINA DB $aING01 LEADER 01205cam0-22003731i-450- 001 990005784930403321 005 20080619110708.0 010 $a88-8011-071-3 035 $a000578493 035 $aFED01000578493 035 $a(Aleph)000578493FED01 035 $a000578493 100 $a19990604d1995----km-y0itay50------ba 101 0 $amul 102 $aIT 105 $aaf------001yy 200 1 $aAchladia$escavi e ricerche della missione greco-italiana in Creta orientale$e(1991-1993)$fMetaxia Tsipopoulou e Lucia Vagnetti$gcon contributi di Paolo Belli, Peter M. Day, Maria A. Liston 210 $aRoma$cGruppo Editoriale Internazionale$d1995 215 $a218 p.$c116 ill. <3> tav. ripieg.$d31 cm 225 1 $aIncunabula graeca$v76 610 0 $aCreta orientale$aScavi archeologici 676 $a939.101 700 1$aTsipopoulou,$bMetaxia$0184525 701 1$aVagnetti,$bLucia$0184528 702 1$aBelli,$bPaolo 702 1$aDay,$bPeter M. 702 1$aListon,$bMaria A. 801 0$aIT$bUNINA$gRICA$2UNIMARC 901 $aBK 912 $a990005784930403321 952 $a939.101 CNR 1 (97)$bBIBL. 19028$fFLFBC 959 $aFLFBC 996 $aAchladia$9568834 997 $aUNINA LEADER 01005nam a2200277 i 4500 001 991000643599707536 005 20020507171654.0 008 981118s1977 de ||| | fre 020 $a3540082417 035 $ab10737133-39ule_inst 035 $aLE01300044$9ExL 040 $aDip.to Matematica$beng 082 0 $a519.4 084 $aAMS 65B 100 1 $aBrezinski, Claude$013908 245 10$aAccélération de la convergence en analyse numérique /$cC. Brezinski 260 $aBerlin :$bSpringer-Verlag,$c1977 300 $a313 p. ;$c24 cm 490 0 $aLecture notes in mathematics,$x0075-8434 ;$v584 650 0$aAcceleration of convergence 907 $a.b10737133$b23-02-17$c28-06-02 912 $a991000643599707536 945 $aLE013 65B BRE11 (1977)$g1$i2013000109305$lle013$o-$pE0.00$q-$rl$s- $t0$u0$v0$w0$x0$y.i10827304$z28-06-02 996 $aAccélération de la convergence en analyse numérique$980772 997 $aUNISALENTO 998 $ale013$b01-01-98$cm$da $e-$ffre$gde $h0$i1